000 01007nam0a22002531 4500
001 rc\77196
005 20250620172233.0
010 _a5-73-89-0087-1
_9100
035 _a(NLR Aleph) 005347981
090 _a6765579
_c6765579
100 _a20021216d1997 |||y0rusy50 ca
101 0 _arus
102 _aRU
105 _aa |||||||||
200 1 _aСтруктурные методы диагностирования линейных непрерывных систем управления
_fС.В. Шалобанов
_gМ-во общ. и проф. образования Рос. Федерации. Хабар. гос. техн. ун-т
210 _aХабаровск
_cИзд-во ХГТУ
_d1997
215 _a88 с.
_cил.
_d20
320 _aБиблиогр.: с. 82-84
700 1 _aШалобанов
_bС. В.
_f1953-
_gСергей Викторович
_9143946
_3RU\NLR\AUTH\770143982
801 0 _aRU
_bNLR
_gpsbo
801 1 _aRU
_bELAR
_2rusmarc
852 _aNLR
_j98-4/4983
942 _cBOOK
980 _aNB